El dibujado /

Gespeichert in:
Bibliographische Detailangaben
1. Verfasser: Roca, Paco (autor)
Weitere Verfasser: G. Cortés, Jose Miguel (prólogo) (prólogo)
Format: Buch
Sprache:Spanisch
Veröffentlicht: Bilbao, España : Astiberri, 2021, c2021
Schriftenreihe:(Sillón Orejero)
Schlagworte:
Tags: Tag hinzufügen
Keine Tags, Fügen Sie das erste Tag hinzu!

MARC

LEADER 00000nam^a2200000^a^4500
001 000579597
005 20250521000000.0
009 20260310132532.396
020 |a 978-84-18215-96-4 
037 |a Acervo ITESO - Biblioteca 
041 |a GRA 
041 |a ESP 
082 |a 808. 83929  |b ROC 
100 |a Roca, Paco  |e (autor) 
245 1 3 |a El dibujado /  |c P. Roca ; pról. de J.M. G. Cortés. 
264 4 |a Bilbao, España :  |b Astiberri,  |c 2021, c2021 
300 |a [58] p. 
336 |a texto  |b txt  |2 rdacontenido 
337 |a sin mediación  |b n  |2 rdamedio 
338 |a volumen  |b nc  |2 rdasoporte 
440 1 |a (Sillón Orejero) 
521 |a FIL 2023 DIA 
545 0 |a Paco Roca (Valencia, 1969), historietista, animador y diseñador español. En sus inicios trabajó para varias revistas; más adelante se ha dedicado a producir novelas gráficas que, generalmente, giran en torno a un tema de actualidad, como la vejez o alguna noticia importante. Su narrativa es sencilla y el diseño de las páginas muy clásico, con colores asociados con las emociones, de manera que el dibujo está al servicio de la historia, para que sean fácilmente legibles aún para quienes no acostumbran leer cómics. Entre otros, ha sido reconocido con el Premio Nacional del Cómic (España), Salón del Cómic (Barcelona), Premio Dolmen. Algunas de sus publicaciones son: El juego lúgubre; Hijos de la Alhambra; Arrugas; Las calles de arena; El invierno del dibujante; Memorias de un hombre en pijama; Los viajes de Alexander, etc. 
546 |a Edición gráfica con texto en español 
649 |a XX 
650 |a Historietas y Caricaturas Españolas 
650 |a Novela Gráfica -  |z España 
650 |a Novela Española 
650 |a Literatura Española -  |y Siglo XXI 
700 |a G. Cortés, Jose Miguel  |e (prólogo) 
910 |a Fondo General 
920 |a Impresos - Libros 
930 |a Colección General 
940 |a Literatura 
905 |a 101 
901 |a 0500406196  |b IT1  |c LIT  |i C185203  |u 20250521 
902 |a https://opac.biblio.iteso.mx/vufind/Record/000579597